Nebeská doručovací služba /

Čtyři fantaskní povídky japonské autorky vyprávějí o zvláštním poštovním spojení mezi světem mrtvých a živých.

Uloženo v:
Hlavní autor: Hiragi, Sanaka, 1974- (Autor)
Další autoři: Weber, Michael, 1979- (Autor)
Médium: Kniha
Jazyk:Czech
Vydáno: Praha : Dobrovský s.r.o., 2026
Edice:Kontrast
Témata:
Celkem bylo vypůjčeno:0x
Tagy:
Žádné tagy
LEADER 02364nam a2200409 i 4500
001 106703
003 CZ PrNK
005 20260701120122.0
007 ta
008 260625s2026 xr g 000 j cze
015 |a cnb003766234 
020 |a 9788027761753  |q (vázáno) 
040 |a ABG001  |b cze  |e rda 
041 1 |a cze  |h jpn 
072 7 |a 821.521  |x Japonská literatura  |2 Konspekt  |9 25 
080 |a 821.521-32  |2 MRF 
080 |a (0:82-32)  |2 MRF 
100 1 |a Hiragi, Sanaka,  |d 1974-  |7 xx0321806  |4 aut 
240 1 0 |a Tengoku kara no takuhaibin.  |l Česky 
245 1 0 |a Nebeská doručovací služba /  |c Sanaka Hiiragi ; přeložil Michael Weber 
264 1 |a Praha :  |b Dobrovský s.r.o.,  |c 2026 
300 |a 206 stran ;  |c 21 cm 
336 |a text  |b txt  |2 rdacontent 
337 |a bez média  |b n  |2 rdamedia 
338 |a svazek  |b nc  |2 rdacarrier 
490 1 |a Kontrast 
500 |a Přeloženo z japonštiny 
520 2 |a Čtyři fantaskní povídky japonské autorky vyprávějí o zvláštním poštovním spojení mezi světem mrtvých a živých.  |b Čtyři příběhy v této knize spojuje geniální myšlenka doručovací služby, o níž si může nejeden čtenář myslet, že skutečně existuje. Příjemci zvláštních zásilek ze záhrobí představují pestrou paletu postav. První příběh nás přivede do zanedbané domácnosti staré paní, která těžce snáší osamělost po úmrtí svých dvou životních kamarádek. Dlouhé roky tento dům obývaly společně. Druhý příběh mladé dívky z venkova, toužící po velkoměstě, přináší vhled do generačního konfliktu středoškolačky s babičkou. Ve třetí epizodě se čtyřicátník dovídá o smrti své první lásky z dětství, ve čtvrté přichází zásilka s tajemným vzkazem od učitele ze střední. Epilog je pak věnován osobě, která zásilky ve všech kapitolách doručuje. Nakladatelská anotace. Kráceno. 
655 7 |a japonské povídky  |7 fd132489  |2 czenas  |9 53657 
655 9 |a Japanese short stories  |2 eczenas 
700 1 |a Weber, Michael,  |d 1979-  |7 xx0077202  |4 trl  |9 22410 
710 2 |a Dobrovský (firma)  |7 olak2017946581  |4 pbl  |9 117120 
830 0 |a Kontrast 
910 |a UOG502 
942 |2 ddc  |c KN 
999 |d 106703 
993 |0 0  |1 421180107430  |2 ddc  |4 0  |7 0  |9 100208  |b 0  |c 107430  |d 2026-07-01  |e 0  |f DOSP  |h 399.00  |i Koupě  |l DOSP  |r 2026-07-01  |t 6  |w 2026-07-01  |y KN  |z BELET  |n